Statistiques concernant Reliez les acteurs aux personnages Marvel

Cliquez ici pour prendre le quiz!

Statistiques générales

  • Ce quiz a été pris 568 fois
  • Le résultat moyen est 23 sur 46

Statistiques - réponses

ActeurPersonnage% Correct
Robert Downey Jr.Iron Man
100%
Chris EvansCaptain America
97%
Chris HemsworthThor
97%
Tom HollandSpider-Man
96%
Scarlett JohanssonBlack Widow
95%
Mark RuffaloHulk
93%
Chadwick BosemanBlack Panther
85%
Benedict CumberbatchDr. Strange
82%
Elizabeth Olsenla Sorcière Rouge
80%
Tom HiddlestonLoki
80%
Chris PrattStar-Lord
80%
ZendayaMichelle Jones
74%
Brie LarsonCaptain Marvel
71%
Paul RuddAnt-Man
68%
Samuel L. JacksonNick Fury
68%
Vin DieselGroot
66%
Ryan ReynoldsDeadpool
61%
Zoe SaldanaGamora
61%
Jeremy RennerHawkeye
60%
Hugh JackmanWolverine
59%
Bradley CooperRocket
58%
Sebastian Stanle Soldat de l'Hiver
54%
Anthony MackieFaucon
50%
Natalie PortmanJane Foster
50%
Gwyneth PaltrowPepper Potts
49%
Dave BautistaDrax le Destructeur
44%
Paul BettanyVision
43%
Don CheadleWar Machine
42%
Pom KlementieffMantis
40%
Michael B. JordanErik Killmonger
39%
Josh BrolinThanos
36%
Aaron Taylor-JohnsonPietro Maximoff
33%
Evangeline Lillyla Guèpe
32%
Idris ElbaHeimdall
31%
Anthony HopkinsOdin
26%
Simu LiuShang-Chi
22%
Letitia WrightShuri
21%
Angelina JolieThena
18%
James SpaderUltron
16%
Richard MaddenIkaris
12%
Iman VellaniKamala Khan
11%
Randall ParkJimmy Woo
9%
Teyonah ParrisMonica Rambeau
9%
Gemma ChanSersi
8%
Salma HayekAjak
7%
Kumail NanjianiKingo
6%

Distribution des résultats

Percentile par nombre de réponses

% des personnes avec chaque résultat

Votre développement - résultats

Vous n’avez pas pris ce quiz